LEADER 01410nam a2200325 i 4500 001 000000013315 003 CaOOAMICUS 005 20180830125441.0 008 180830s1894 it u000 u ita u 040 $aSeMil$bita 100 1 $aBalan, Pietro .$0(OLS)http://semarc/name/4869 245 10$aStoria d'Italia /$cdi Mons. Pietro Balan. 250 $a2. ed. / aumentata e corretta dall'autore curata ed accresciuta di note dal sacerdote dott. Rodolfo Majocchi. 260 $aModena :$bTip. Pontificia ed Arcivescovile dell'Immacolata Concezione,$c1894-1899. 300 $a11 v. ;$c23 cm. 650 4$aItalia - Storia.$0(OLS)http://semarc/subject/579 700 1 $aMajocchi, Rodolfo,$c.$0(OLS)http://semarc/name/79162 774 0 $tVol. 1.$g1$w()181490 774 0 $tVol. 4.$g4$w()257317 774 0 $tVol. 2.$g2$w()257318 774 0 $tVol. 3.$g3$w()257319 774 0 $tVol. 6.$g6$w()257320 774 0 $tVol. 5.$g5$w()257321 774 0 $tVol. 8.$g8$w()257322 774 0 $tVol. 7.$g7$w()257323 774 0 $tVol. 10.$g10$w()257324 774 0 $tVol. 9.$g9$w()257325 774 0 $aRodolfi, Ferdinando $tIndici generali onomastici e toponomastici.$g[11$w()257326 996 $6245$aStoria d'Italia$9(OLS)http://semarc/title/2588 996 $6260$aModena :$bTip. Pontificia ed Arcivescovile dell'Immacolata Concezione$9(OLS)http://semarc/publisher/32420 LEADER 00896nam a2200217 i 4500 001 000000057231 003 CaOOAMICUS 005 20121011000000.0 008 121011s1987 it u000 u ita u 013 $a28403 040 $aSeMil$bita 245 10$aCornate d'Adda :$bdai Longobardi ad oggi /$cpresentazione [di] Giorgio Panzeri. 260 $a[S.l. :$bs.n.],$cstampa 1987$e(Cornate d'Adda :$fScotti,$gstampa 1987) 300 $a302 p. :$bIll. ;$c29 cm. 650 4$aCornate d'Adda.$0(OLS)http://semarc/subject/11541 700 1 $aPanzeri, Giorgio.$0(OLS)http://semarc/name/29065 850 $aSeMil 852 $aSeMil$W1$xVenegono$y1$m3P VI 41$j23385$B23385$CSeMilBibl$Z2$F23387 $81 961 $aOmaggio: Mezzanotti mons. Alessandro 996 $6245$aCornate d'Adda :$bdai Longobardi ad oggi$9(OLS)http://semarc/title/89038 996 $6260$a[S.l. :$bs.n.]$9(OLS)http://semarc/publisher/29751